000 00769 a2200229 4500
010 _aENG-89651
020 _c395.00
_a0195693019
035 _aEN-73184
037 _bDBAD / PUB
082 1 4 _a270
090 _c11404
_d11404
100 1 _aFyzee, Asaf A. A.
245 1 _aA modern approach to Islam/
_cby Asaf A..A. Fyzee with an introduction by Saiyid Hamid
250 _a2nd ed
260 _aNew Delhi
_bOxford University Press
_c2008
270 _aYMCA Library Building, Jai Singh Road
_bNew Delhi
_cDelhi
_e110001
300 _axxxiii, 105p.
_c22 cm. (Hb)
500 _aIncludes index.
700 _aHamid Saiyid
942 _adpl
_cEN
_k 270/ FYZ
999 _c11091
_d11091